| 000 | 01401 a2200229 4500 | ||
|---|---|---|---|
| 003 | Nust | ||
| 005 | 20221227095844.0 | ||
| 010 | _a 90043585 | ||
| 020 | _a0136399231 | ||
| 040 | _cNust | ||
| 082 | 0 | 0 | _a621.395,COU |
| 100 | 1 |
_aCoughlin, Robert F. _978155 |
|
| 245 | 1 | 0 |
_aOperational amplifiers and linear integrated circuits / _cRobert F. Coughlin, Frederick F. Driscoll. |
| 250 | _a4th ed. | ||
| 260 |
_aEnglewood Cliffs, N.J. : _bPrentice Hall, _cc1991. |
||
| 300 |
_axxvi, 502 p. : _bill. ; _c24 cm. |
||
| 505 | _aIntroduction to OP AMPS (Page-1), First Experience with an Op AMP (Page-13), Inverting and No inverting Amplifiers (Page-39), Comparators and Controls (Page-73), Selected Applications of OP AMPS (Page-103), Signal Generators (Page-138), OP AMPs with Diodes (Page-169), Differential Instrumentation and Bridge Amplifiers (Page-193), DC Performance : Bias, Offsets, and Drift (Page-229), AC performance: Bandwidth Slew Rate, Noise, and Frequency Compensation (Page-250), Active Filers (Page-272), Modulating Demodulating and Frequency Changing with the Multiplier (Page-308), Integrated Circuit Timers (Page-342), Digital –to-analog and Analog to Digital Converters (Page-378), Power Supplies (Page-422). | ||
| 650 | 0 |
_aLinear integrated circuits. _955531 |
|
| 650 | 0 |
_aOperational amplifiers. _956206 |
|
| 700 | 1 |
_aDriscoll, Frederick F., _d1943- _9103572 |
|
| 942 |
_2ddc _cBK |
||
| 999 |
_c183537 _d183537 |
||